000 00438nam a22001817a 4500
003 CEME
005 20210628204028.0
008 210104b xxu||||| |||| 00| 0 eng d
020 _a9693524365
040 _c.
082 _a891.4393 ABD
100 _aAbdaal Bela
_910299
245 _aTum
260 _aLAHORE
_bSANG-E-MEEL PUB
_c2011
300 _a232P
650 _aURDU ADAB-NOVEL.URDU LITERATURE-NOVEL.
_920927
942 _cBK
_2ddc
999 _c575934
_d575934